| 000 | 01120nam a2200277 i 4500 | ||
|---|---|---|---|
| 001 | bg | ||
| 100 | 1 | _aCIEŚLEWICZ, Kazimierz | |
| 245 | 1 | 0 |
_aZmienność drgań własnych obwodu oscylacyjnego z pojemnością doziemną twornika jako kryterium oceny stanu izolacji głównej bloków generatorów synchronicznych : _bukład zabezpieczenia od zwarć doziemnych pobudzany zakłóceniem drgań własnych / _cKazimierz Cieślewicz. |
| 260 |
_aCzęstochowa : _bWydaw. PC, _c1998. |
||
| 300 |
_a175, [2] s. : _brys., wykr. ; _c24 cm. |
||
| 490 | 1 |
_aMonografie / Politechnika Częstochowska, _x0860-5017 ; _vnr 55 |
|
| 500 | _aStreszcz. ang., ros. | ||
| 504 | _aBibliogr. s. 173-175. | ||
| 650 | 9 |
_aDrgania elektryczne _xbadanie |
|
| 650 | 9 |
_aIzolacje elektryczne _xbadanie |
|
| 650 | 9 |
_aPrądnice _xurządzenia _xbadanie |
|
| 650 | 9 |
_aZwarcia elektryczne _xbadanie |
|
| 830 | 0 |
_aMonografie (Politechnika Częstochowska) ; _vnr 55 |
|
| 020 | _a8371930275 | ||
| 040 | _cBPK | ||
| 041 | 0 |
_apl _benru |
|
| 080 | _a621.373:621.315.6 | ||
| 920 | _a83-7193-027-5 | ||
| 942 | _cKS | ||
| 008 | s pl f |000 0 pol | ||
| 999 |
_c37815 _d37815 |
||
| 856 |
_uhttp://koha.tu.koszalin.pl/cgi-bin/koha/opac-detail.pl?biblionumber=37815 _yKatalog online BPK |
||